تنا ظر (Record no. 170989)

MARC details
000 -LEADER
fixed length control field 00642nam a22001937a 4500
005 - DATE AND TIME OF LATEST TRANSACTION
control field 20200101123822.0
010 ## - LCCN (DPL NO)
LC control number 992511
020 ## - INTERNATIONAL STANDARD BOOK NUMBER
Terms of availability N.A.
International Standard Book Number -
035 ## - SYSTEM CONTROL NUMBER
System control number 992511
037 ## - SOURCE OF ACQUISITION
Source of stock number/acquisition BPPD
082 ## - DEWEY DECIMAL CLASSIFICATION NUMBER
Classification number 841
100 ## - MAIN ENTRY--PERSONAL NAME
Personal name مد ير: کر شن مو ہن
245 ## - TITLE STATEMENT
Title تنا ظر
Statement of responsibility, etc مد ير: کر شن مو ہن
246 ## - VARYING FORM OF TITLE
Title proper/short title Tanazur (2nd Book) (Urdu)
Remainder of title by Krishn Mohan
260 ## - PUBLICATION, DISTRIBUTION, ETC. (IMPRINT)
Place of publication, distribution, etc N.Delhi
Date of publication, distribution, etc 1980 ء
Name of publisher, distributor, etc Mukti Verma
270 ## - ADDRESS
Address Tanazur publications,New Delhi
City N.Delhi
Telephone number -
Postal code 110003
300 ## - PHYSICAL DESCRIPTION
Extent 496 ص
Dimensions 22 cm(hb)
942 ## - ADDED ENTRY ELEMENTS (KOHA)
Source of classification or shelving scheme Dewey Decimal Classification
Item type Urdu Bks
Classification part 841
Call number suffix ت ن ا
Holdings
Withdrawn status Lost status Not for loan Collection code Home library Current library Date acquired Source of acquisition Cost, normal purchase price Full call number Barcode Copy number Cost, replacement price Koha item type
      Non-fiction Central Library Central Library 01/01/2020 BPPD/Ven. 0.00 841 ت ن ا 992511 1 0.00 Urdu Bks

© Delhi Public Library
Hit Counter
free hit counter